| 000 | 00398nam a22001697a 4500 | ||
|---|---|---|---|
| 008 | 240223b ||||| |||| 00| 0 eng d | ||
| 020 | _a9789355325921 | ||
| 041 | _aeng | ||
| 082 |
_a954 _bSII |
||
| 100 | _aSinghania Nitin | ||
| 245 | _aIndian Art & Culture | ||
| 250 | _a5th | ||
| 260 |
_aChennai _bMcGraw Hill Educatin _c20214 |
||
| 300 | _a571p. | ||
| 650 | _aGENERAL BOOKS | ||
| 942 | _cBK | ||
| 999 |
_c48184 _d48184 |
||